000 00473nam a2200181Ia 4500
001 11639
005 20260306162842.0
008 260306t1982||||xx |||||||||||||| ||spa||
041 _aESP
082 _a986.6074
_bB24
100 _aBarrera Valverde, Alfonso [1929-...]
_eAUT
245 0 _aHombres de paz en lucha:
_bel Ecuador ante la agresión peruana de 1981
260 _c1982
300 _a
_c21 cm.
650 _aGEN
654 _aCHU
942 _cLIB
_dJUS
_fJUS
_2ddc
_n
999 _c11639
_d11639